000 00509nam a2200217Ia 4500
008 210210b1962 xxu||||| |||| 00| 0 eng d
041 _aeng
082 _a335/256
100 _aRAMAKRISHNA (K T)
245 _aFinances for small scale industry in India
260 _aLondon
_bAsia Publishing House
_c1962
650 _asmall
650 _ascale
650 _aindustry
650 _aIndia
650 _ain
650 _afor
650 _aFinances
690 _aIndian Economics
906 _a004598
999 _c126845
_d126845